Dưỡng gan để dưỡng nhan
Khuyến nghị chị em phụ nữ hãy hình thành ý thức dưỡng gan, sửa những thói quen xấu làm tổn thương gan, lắng nghe cơ thể từ những tín hiệu nhỏ nhất, đồng thời điều chỉnh kịp thời để giữ cho can khí thông suốt, can huyết đầy đủ...
Kaydedildi:
| Yazar: | |
|---|---|
| Diğer Yazarlar: | |
| Materyal Türü: | Kitap |
| Dil: | Vietnamese |
| Baskı/Yayın Bilgisi: |
H.
Thế giới
2024
|
| Konular: | |
| Etiketler: |
Etiketle
Etiket eklenmemiş, İlk siz ekleyin!
|
| Thư viện lưu trữ: | Thư viện Trường Đại học Nam Cần Thơ |
|---|
| LEADER | 01124nam a22002057a 4500 | ||
|---|---|---|---|
| 001 | NCT_4_022663 | ||
| 008 | 250625b xxu||||| |||| 00| 0 vie d | ||
| 999 | |c 9108 |d 9108 | ||
| 020 | |a 9786044062358 |c 108000 | ||
| 082 | 0 | 4 | |2 23rd ed. |a 616.362 |b N312 |
| 100 | 1 | |a Thẩm Ninh | |
| 245 | 1 | 0 | |a Dưỡng gan để dưỡng nhan |c Thẩm Ninh ; Phùng Thuỷ Tiên (dịch) |
| 260 | |a H. |b Thế giới |c 2024 | ||
| 300 | |a 277 tr. |c 20cm | ||
| 520 | 3 | |a Khuyến nghị chị em phụ nữ hãy hình thành ý thức dưỡng gan, sửa những thói quen xấu làm tổn thương gan, lắng nghe cơ thể từ những tín hiệu nhỏ nhất, đồng thời điều chỉnh kịp thời để giữ cho can khí thông suốt, can huyết đầy đủ | |
| 653 | |a Y Đa khoa | ||
| 700 | 1 | |a Phùng Thuỷ Tiên |e Dịch | |
| 942 | |2 ddc |c BK | ||
| 952 | |0 0 |1 0 |2 ddc |4 0 |6 616_362000000000000_N312 |7 0 |9 30943 |a 000001 |b 000001 |d 2025-06-25 |o 616.362 N312 |p MD.24017 |r 2025-06-25 |v 108000.00 |w 2025-06-25 |y BK | ||
| 980 | |a Thư viện Trường Đại học Nam Cần Thơ | ||


